[Event "4NCL Online Division 5"]
[Site "online"]
[Date "2022.01.25"]
[EventDate "2022.01.25"]
[Round "1.124"]
[White "Wilde, Grace"]
[WhiteElo "982"]
[WhiteTeam "Colchester JFF C"]
[Black "Anderson, Ashley K"]
[BlackElo "1000"]
[BlackTeam "Harrow Juniors 3"]
[Result "1-0"]
[PlyCount "83"]

1. e4 e5 2. Nf3 Nc6 3. Nc3 d6 4. Be2 Be6 5. d3 Nf6 6. Bg5 Be7 7. h3 h6 8. Bh4 Nd7 9. Bxe7 Qxe7 10. Nb5 Qd8 11. c4 a6 12. Nc3 Nf6 13. Nd5 Nxd5 14. cxd5 Bxd5 15. exd5 Ne7 16. Qb3 b6 17. Rc1 O-O 18. O-O a5 19. Qc3 Rc8 20. d4 Nxd5 21. Qc4 c6 22. dxe5 dxe5 23. Nxe5 Qg5 24. Nf3 Qg6 25. Bd3 Qf6 26. Qe4 Qg6 27. Qxg6 fxg6 28. Bxg6 Nf6 29. Ne5 Nd5 30. Rxc6 Rb8 31. Bf7+ Kh8 32. Bxd5 Rfe8 33. Nf7+ Kg8 34. Nd6+ Kf8 35. Nxe8 Kxe8 36. Re1+ Kd7 37. Ree6 b5 38. Rcd6+ Kc7 39. Ra6 Rd8 40. Ra7+ Kb8 41. Rb7+ Ka8 42. Ra6# 1-0

[Event "4NCL Online Division 5"]
[Site "online"]
[Date "2022.02.08"]
[EventDate "2022.02.08"]
[Round "2.11"]
[White "O'Connor, David"]
[WhiteElo "1602"]
[WhiteTeam "Cork B"]
[Black "Dunks, Peter"]
[BlackElo "1659"]
[BlackTeam "The Hemel's Gambit"]
[Result "1-0"]
[PlyCount "91"]

1. d4 Nf6 2. c4 e6 3. Nf3 Be7 4. Nc3 d5 5. g3 O-O 6. Bg2 Bd7 7. O-O Bc6 8. Ne5 h6 9. Re1 dxc4 10. Nxc4 Bxg2 11. Kxg2 c5 12. e3 Nd5 13. Ne5 Nc6 14. Nxc6 bxc6 15. e4 Nxc3 16. bxc3 cxd4 17. cxd4 Qc7 18. Qg4 Kh8 19. Be3 e5 20. dxe5 Qxe5 21. Rac1 c5 22. Re2 Rab8 23. Bf4 Qe6 24. Qxe6 fxe6 25. Bxb8 Rxb8 26. Rd2 Kg8 27. Rd7 Kf8 28. Rxa7 Rc8 29. Rc4 Bf6 30. a4 Bd4 31. a5 Rb8 32. Rc2 Ke8 33. a6 c4 34. Rc7 c3 35. Rb7 Ra8 36. Ra2 Rc8 37. a7 Bxa7 38. Raxa7 c2 39. Rc7 c1=Q 40. Rxc1 Rxc1 41. Rxg7 h5 42. h4 Rc4 43. Kf3 e5 44. Rg5 Rc3+ 45. Kg2 Rc4 46. Rxe5+ 1-0

[Event "4NCL Online Division 5"]
[Site "online"]
[Date "2022.02.08"]
[EventDate "2022.02.08"]
[Round "2.12"]
[White "Rollinson, David"]
[WhiteElo "1615"]
[WhiteTeam "The Hemel's Gambit"]
[Black "Muzykant, Michal (Mike)"]
[BlackElo "1178"]
[BlackTeam "Cork B"]
[Result "1/2-1/2"]
[PlyCount "68"]

1. d4 g6 2. Nf3 Bg7 3. g3 Nf6 4. Bg2 O-O 5. c4 h6 6. Nc3 d6 7. O-O Bg4 8. d5 Qd7 9. Qc2 Bh3 10. Re1 Bxg2 11. Kxg2 c6 12. e4 e6 13. Rb1 Na6 14. b4 exd5 15. exd5 cxd5 16. cxd5 Rac8 17. Qd2 Ng4 18. Rb3 Rc4 19. a3 Rfc8 20. Bb2 Ne5 21. Nxe5 Bxe5 22. Rxe5 dxe5 23. Qxh6 Rxc3 24. Rxc3 Rxc3 25. Bxc3 Qxd5+ 26. Kh3 Qe6+ 27. Kg2 Qf5 28. Qe3 e4 29. Bd4 b6 30. Qc3 Kf8 31. Bg7+ Ke7 32. Bd4 Kf8 33. Bg7+ Ke7 34. Bd4 Kf8 1/2-1/2

[Event "4NCL Online Division 5"]
[Site "online"]
[Date "2022.02.08"]
[EventDate "2022.02.08"]
[Round "2.13"]
[White "O'Callaghan, Cian"]
[WhiteElo "1203"]
[WhiteTeam "Cork B"]
[Black "Cooper, John L"]
[BlackElo "1287"]
[BlackTeam "The Hemel's Gambit"]
[Result "1-0"]
[PlyCount "105"]

1. d4 d5 2. e4 dxe4 3. Nc3 e5 4. Nge2 exd4 5. Qxd4 Qxd4 6. Nxd4 Bb4 7. Nb5 Ba5 8. Bf4 a6 9. Nxc7+ Bxc7 10. Bxc7 Nf6 11. Bd6 Nc6 12. O-O-O Be6 13. Be2 Ne7 14. Bxe7 Kxe7 15. Rd4 Rad8 16. Rhd1 Rxd4 17. Rxd4 Rd8 18. Rb4 b5 19. a4 Nd5 20. Nxd5+ Rxd5 21. axb5 axb5 22. Rxb5 Rd8 23. Rb7+ Kf8 24. Ra7 g6 25. c4 Rc8 26. b3 Rc5 27. Kc2 Bf5 28. Kc3 Rc8 29. b4 Re8 30. Kd4 Rd8+ 31. Kc3 Re8 32. c5 e3 33. f3 Rd8 34. Ra2 Be6 35. Rb2 Rb8 36. Kd3 Bd7 37. Kxe3 Re8+ 38. Kd4 Rd8 39. Ke5 Re8+ 40. Kd6 Be6 41. b5 Rd8+ 42. Kc7 Rc8+ 43. Kb6 Bd5 44. Rd2 Be6 45. c6 Bb3 46. c7 Be6 47. Kb7 Ke7 48. Rd4 Bd7 49. b6 f5 50. Ba6 Re8 51. Rxd7+ Kxd7 52. Bb5+ Ke7 53. Bxe8 1-0

[Event "4NCL Online Division 5"]
[Site "online"]
[Date "2022.02.08"]
[EventDate "2022.02.08"]
[Round "2.14"]
[White "Wrzesinski, Roman"]
[WhiteElo "1245"]
[WhiteTeam "The Hemel's Gambit"]
[Black "Cahill, Declan"]
[BlackElo "850"]
[BlackTeam "Cork B"]
[Result "1-0"]
[PlyCount "103"]

1. e4 c6 2. d4 d5 3. e5 Bf5 4. Nf3 e6 5. Bd3 Bg4 6. h3 Bxf3 7. Qxf3 c5 8. Bb5+ Nd7 9. c3 cxd4 10. cxd4 Qa5+ 11. Nc3 Bb4 12. Bxd7+ Kxd7 13. Qxf7+ Ne7 14. O-O Raf8 15. Qxg7 Qd8 16. a3 Bxc3 17. bxc3 Kc8 18. Rb1 Qe8 19. Rb4 Rf7 20. Qh6 Nf5 21. Qd2 Rg8 22. c4 Rxg2+ 23. Kxg2 Rg7+ 24. Kf3 Qh5+ 25. Kf4 Qh4+ 26. Kf3 Nxd4+ 27. Ke3 Nf5+ 28. Kd3 Qe4+ 29. Kc3 Qxe5+ 30. Kb3 Nd4+ 31. Ka2 Nc6 32. Re1 Nxb4+ 33. Qxb4 Qf5 34. Qc5+ Kb8 35. Qd6+ Kc8 36. Qxe6+ Qxe6 37. Rxe6 dxc4 38. Be3 b5 39. Kb2 Rc7 40. Re8+ Kb7 41. Bf4 c3+ 42. Kc2 Rc6 43. Re7+ Ka8 44. Rxh7 a5 45. Rc7 Rf6 46. Be3 b4 47. Ra7+ Kb8 48. Rxa5 b3+ 49. Kxb3 Rc6 50. Rc5 c2 51. Kxc2 Rxc5+ 52. Bxc5 1-0

[Event "4NCL Online Division 5"]
[Site "online"]
[Date "2022.02.08"]
[EventDate "2022.02.08"]
[Round "2.21"]
[White "Peacock, Christopher D"]
[WhiteElo "1491"]
[WhiteTeam "Wessex Some Stars H"]
[Black "Harrison, Jack"]
[BlackElo "1600"]
[BlackTeam "Bromley"]
[Result "1-0"]
[PlyCount "137"]

1. d4 Nf6 2. Nf3 d5 3. Bf4 c5 4. e3 Nc6 5. c3 Qb6 6. Qc1 e6 7. Nbd2 Nh5 8. Bd3 Nxf4 9. exf4 c4 10. Bc2 Bd6 11. Ne5 Nxe5 12. fxe5 Be7 13. O-O Bg5 14. f4 Bh6 15. Ba4+ Bd7 16. Bxd7+ Kxd7 17. Nf3 f5 18. exf6 gxf6 19. g3 Rhg8 20. Kh1 Rae8 21. Qc2 Rg7 22. Qa4+ Kd8 23. b3 cxb3 24. axb3 a6 25. Rab1 Rc7 26. c4 Bg7 27. Rfe1 Bf8 28. cxd5 Qb4 29. dxe6 Qd6 30. f5 Qd5 31. Re3 Qxf5 32. Rbe1 Rc2 33. Nh4 Qf2 34. Qa5+ Kc8 35. Rc3+ Kb8 36. Rxc2 Qxc2 37. Qf5 Qd2 38. Qf4+ Qxf4 39. gxf4 Bb4 40. Re2 Kc7 41. f5 Kd6 42. Kg2 Bc3 43. Nf3 b5 44. Kf2 a5 45. Rc2 Rc8 46. Re2 Ke7 47. Ke3 a4 48. bxa4 bxa4 49. Rc2 a3 50. Kd3 Ra8 51. Ra2 Bb2 52. d5 Rb8 53. Nd4 Rc8 54. Nc6+ Ke8 55. Kc2 Ra8 56. d6 Ra6 57. d7+ Kf8 58. d8=Q+ Kg7 59. Qe7+ Kh6 60. Nb4 Ra5 61. Rxb2 axb2 62. Qxf6+ Kh5 63. Qxb2 Rc5+ 64. Kb3 Rxf5 65. Qe2+ Kg6 66. e7 Rf7 67. e8=Q Kg7 68. Qg4+ Kf6 69. Qee6# 1-0

[Event "4NCL Online Division 5"]
[Site "online"]
[Date "2022.02.08"]
[EventDate "2022.02.08"]
[Round "2.22"]
[White "Harrison, Tommy"]
[WhiteElo "1450"]
[WhiteTeam "Bromley"]
[Black "Le Fevre, Stephen D"]
[BlackElo "1388"]
[BlackTeam "Wessex Some Stars H"]
[Result "1-0"]
[PlyCount "79"]

1. c4 e5 2. Nc3 Nf6 3. g3 Bb4 4. Bg2 Bxc3 5. bxc3 O-O 6. Nf3 Re8 7. O-O c5 8. Bb2 Nc6 9. d4 exd4 10. cxd4 cxd4 11. Nxd4 Qb6 12. Bc3 Nxd4 13. Bxd4 Qe6 14. Bxf6 Qxf6 15. Rb1 Rb8 16. e3 b6 17. Qa4 a5 18. c5 Ba6 19. Rfd1 bxc5 20. Qxa5 Be2 21. Rxb8 Rxb8 22. Qc7 Qb2 23. Re1 Bc4 24. Qxc5 Qd2 25. Ra1 d5 26. Bf3 g6 27. Rd1 Qxa2 28. Bxd5 Bxd5 29. Rxd5 Rb1+ 30. Kg2 Qe2 31. Rd8+ Kg7 32. Qe5+ Kh6 33. Qf4+ Kg7 34. Rd7 Qf1+ 35. Kf3 Qh1+ 36. Kg4 h5+ 37. Kh3 Qf1+ 38. Kh4 Kh8 39. Qh6+ Kg8 40. Rd8# 1-0

[Event "4NCL Online Division 5"]
[Site "online"]
[Date "2022.02.08"]
[EventDate "2022.02.08"]
[Round "2.23"]
[White "Spirling, Florence"]
[WhiteElo "1109"]
[WhiteTeam "Wessex Some Stars H"]
[Black "Farahmandpour, Ehsan"]
[BlackElo "1514"]
[BlackTeam "Bromley"]
[Result "0-1"]
[PlyCount "90"]

1. d4 d5 2. Bf4 c5 3. c3 Nc6 4. Nf3 Bf5 5. e3 Qb6 6. Qb3 c4 7. Qxb6 axb6 8. Nbd2 Nf6 9. Be2 e6 10. O-O h6 11. a3 Be7 12. h3 O-O 13. Rac1 b5 14. Rfe1 Rfd8 15. Bd1 Ne4 16. Bc2 Bd6 17. Bxd6 Rxd6 18. Nxe4 dxe4 19. Nd2 e5 20. Nxe4 Rg6 21. Ng3 Bd3 22. Bxd3 cxd3 23. Red1 exd4 24. cxd4 b4 25. Rxd3 bxa3 26. Rxa3 Rd8 27. Ne4 f5 28. Nc5 b6 29. Na4 Ne7 30. Rac3 f4 31. Rb3 fxe3 32. fxe3 Nd5 33. Re1 Re8 34. e4 Nf4 35. Rxb6 Rxg2+ 36. Kh1 Rc2 37. Rb3 Ne2 38. d5 Rxe4 39. Rd1 Nd4 40. Rc3 Rf2 41. Nc5 Ree2 42. Nd3 Rh2+ 43. Kg1 Nf3+ 44. Kf1 Rhg2 45. Nf2 Rgxf2# 0-1

[Event "4NCL Online Division 5"]
[Site "online"]
[Date "2022.02.08"]
[EventDate "2022.02.08"]
[Round "2.24"]
[White "Glanvile, Nicholas"]
[WhiteElo "1525"]
[WhiteTeam "Bromley"]
[Black "Pavey, Patrick"]
[BlackElo "1000"]
[BlackTeam "Wessex Some Stars H"]
[Result "1-0"]
[PlyCount "83"]

1. d4 Nf6 2. c4 e6 3. g3 d5 4. cxd5 exd5 5. Bg5 Nbd7 6. Bg2 c6 7. Nf3 Bd6 8. O-O O-O 9. e3 h6 10. Bxf6 Nxf6 11. Nbd2 Bg4 12. Qc2 Qd7 13. Rac1 Bf5 14. Qc3 Ne4 15. Nxe4 Bxe4 16. Nd2 Bxg2 17. Kxg2 f5 18. Nf3 Qe7 19. a3 g5 20. Rce1 Qg7 21. Nd2 f4 22. exf4 gxf4 23. Re6 Bc7 24. Qd3 Rf6 25. Rfe1 fxg3 26. hxg3 Raf8 27. Rxf6 Qxf6 28. Qe3 Qg6 29. Nf3 h5 30. Nh4 Qg7 31. Qe6+ Kh7 32. Nf5 Qf6 33. Qe7+ Qf7 34. Re6 Qxe7 35. Rxe7+ Kg6 36. Nh4+ Kf6 37. Rxc7 Re8 38. Rxb7 a5 39. Rb6 Re6 40. Ra6 Re2 41. Rxc6+ Kg5 42. Rg6# 1-0

[Event "4NCL Online Division 5"]
[Site "online"]
[Date "2022.02.08"]
[EventDate "2022.02.08"]
[Round "2.31"]
[White "Salkauskas, Deimantas"]
[WhiteElo "1095"]
[WhiteTeam "Colchester JFF C"]
[Black "Balasundaram, Sivasatyan"]
[BlackElo "1762"]
[BlackTeam "Harrow Juniors 1"]
[Result "0-1"]
[PlyCount "122"]

1. d4 Nf6 2. c4 g6 3. Nc3 Bg7 4. Bf4 d6 5. e4 O-O 6. Nf3 c5 7. dxc5 dxc5 8. Be2 Nc6 9. O-O a6 10. e5 Ng4 11. Qxd8 Rxd8 12. Rad1 Be6 13. Bd3 Ngxe5 14. Nxe5 Nxe5 15. Be4 Nc6 16. Bd5 Bf5 17. Rfe1 e6 18. Be4 h6 19. Na4 Bxe4 20. Rxd8+ Rxd8 21. h3 Bd3 22. Rd1 Bxc4 23. Rxd8+ Nxd8 24. b3 Bd5 25. Nxc5 g5 26. Bc7 Bf6 27. a4 Be7 28. Bb6 Kg7 29. b4 f5 30. b5 axb5 31. axb5 Kf7 32. Kf1 Bc4+ 33. Ke1 Bxb5 34. Bxd8 Bxd8 35. Nxb7 Be7 36. f3 Bb4+ 37. Kf2 Ke7 38. g4 Bc6 39. gxf5 exf5 40. Nd8 Kxd8 41. Kg3 Ke7 42. f4 Bd6 43. h4 Bxf4+ 44. Kh3 Bg2+ 45. Kxg2 gxh4 46. Kh3 Kf6 47. Kxh4 Bg5+ 48. Kg3 Ke5 49. Kf3 f4 50. Kf2 Ke4 51. Ke2 f3+ 52. Kf2 Kf4 53. Kf1 Ke3 54. Ke1 f2+ 55. Kf1 Bf6 56. Kg2 Ke2 57. Kg3 Bh4+ 58. Kxh4 f1=Q 59. Kg3 Qf3+ 60. Kh4 Qg2 61. Kh5 Qg5# 0-1

[Event "4NCL Online Division 5"]
[Site "online"]
[Date "2022.02.08"]
[EventDate "2022.02.08"]
[Round "2.32"]
[White "Patel, Krrish"]
[WhiteElo "1632"]
[WhiteTeam "Harrow Juniors 1"]
[Black "Ross, Drummer"]
[BlackElo "1000"]
[BlackTeam "Colchester JFF C"]
[Result "1-0"]
[PlyCount "57"]

1. d4 d5 2. Bf4 Nf6 3. Nc3  e6 4. e3 Bb4 5. Bd3 O-O 6. Ne2 Bd6 7. O-O Bxf4 8. Nxf4 Nc6 9. Nfe2 e5 10. dxe5 Nxe5 11. Ng3 Nxd3 12. Qxd3 c5 13. Rad1 Be6 14. a3 c4 15. Qd4 Rb8 16. e4 dxe4 17. Ngxe4 Qxd4 18. Rxd4 Nxe4 19. Nxe4 b5 20. c3 Bf5 21. f3 Bxe4 22. Rxe4 Rbe8 23. Rfe1 Rxe4 24. Rxe4 a5 25. Re5 Rb8 26. a4 b4 27. Rxa5 bxc3 28. bxc3 Rb3 29. Ra8+  1-0

[Event "4NCL Online Division 5"]
[Site "online"]
[Date "2022.02.08"]
[EventDate "2022.02.08"]
[Round "2.33"]
[White "Wilde, Grace"]
[WhiteElo "982"]
[WhiteTeam "Colchester JFF C"]
[Black "Evans, Daniel"]
[BlackElo "1560"]
[BlackTeam "Harrow Juniors 1"]
[Result "0-1"]
[PlyCount "64"]

1. e4 e6 2. d4 d5 3. e5 c5 4. c3 Nc6 5. Nf3 Bd7 6. Bd3 Nge7 7. Qc2 Ng6 8. Bg5 Be7 9. Bxe7 Qxe7 10. Nbd2 Nf4 11. O-O cxd4 12. cxd4 Nb4 13. Qb3 Nbxd3 14. g3 Nh3+ 15. Kg2 Nhxf2 16. Rxf2 Nxf2 17. Kxf2 O-O 18. Rc1 Bc6 19. Nb1 h6 20. Na3 f6 21. Rc5 fxe5 22. Qc3 e4 23. Ke2 exf3+ 24. Kf2 a6 25. Qd3 Qg5 26. Rxd5 exd5 27. h4 Qc1 28. b4 Rae8 29. g4 Re2+ 30. Qxe2 fxe2+ 31. Kxe2 Qb2+ 32. Ke1 Rf2 0-1

[Event "4NCL Online Division 5"]
[Site "online"]
[Date "2022.02.08"]
[EventDate "2022.02.08"]
[Round "2.34"]
[White "Jayakumar, Bharath"]
[WhiteElo "1478"]
[WhiteTeam "Harrow Juniors 1"]
[Black "He, Kingsley"]
[BlackElo "884"]
[BlackTeam "Colchester JFF C"]
[Result "1-0"]
[PlyCount "127"]

1. d4 d5 2. c4 dxc4 3. e4 f6 4. Bxc4 e5 5. Nf3 Bb4+ 6. Nc3 Bg4 7. O-O Bxc3 8. bxc3 Ne7 9. h3 Bh5 10. Bb2 exd4 11. cxd4 Nbc6 12. d5 Ne5 13. Qa4+ Qd7 14. Qxd7+ Nxd7 15. Nd4 O-O-O 16. Ne6 Rdg8 17. d6 cxd6 18. Nf4 d5 19. exd5 Bf7 20. Rac1 Kb8 21. Ba3 Nc8 22. Bb5 Rd8 23. Ne6 Bxe6 24. dxe6 Ndb6 25. e7 Nxe7 26. Bxe7 Rc8 27. Bd6+ Ka8 28. Rfe1 Rxc1 29. Rxc1 Rc8 30. Rxc8+ Nxc8 31. Bf8 g6 32. Bg7 f5 33. g4 fxg4 34. hxg4 Nd6 35. Bd3 b5 36. f4 Kb7 37. f5 g5 38. f6 a5 39. Bxb5 Kb6 40. Bc4 Kc5 41. f7 Nxf7 42. Bxf7 Kb4 43. Bg8 Ka3 44. Bf8+ Kb2 45. Bh6 a4 46. Bxg5 a3 47. Bxh7 Kxa2 48. Bg8+ Kb2 49. Bf6+ Kb1 50. g5 a2 51. Bxa2+ Kxa2 52. g6 Kb3 53. g7 Kc4 54. g8=Q+ Kc5 55. Be7+ Kc6 56. Qd8 Kb5 57. Qc7 Ka4 58. Qb7 Ka5 59. Bd8+ Ka4 60. Qb6 Ka3 61. Be7+ Ka2 62. Qb4 Ka1 63. Bf6+ Ka2 64. Qb2# 1-0

[Event "4NCL Online Division 5"]
[Site "online"]
[Date "2022.02.08"]
[EventDate "2022.02.08"]
[Round "2.41"]
[White "Foreman, Anthony"]
[WhiteElo "1523"]
[WhiteTeam "Catford Candidates"]
[Black "Lewin, John H"]
[BlackElo "1863"]
[BlackTeam "Beckenham"]
[Result "0-1"]
[PlyCount "146"]

1. d4 Nf6 2. Bg5 e6 3. Nc3 h6 4. Bf4 d5 5. a3 c5 6. e3 a6 7. dxc5 Bxc5 8. Nf3 Nc6 9. Bd3 O-O 10. h3 Qe7 11. Qe2 e5 12. Bg3 e4 13. Bh4 exd3 14. cxd3 Be6 15. O-O Rac8 16. d4 Bd6 17. Nd2 g5 18. Bg3 Kg7 19. Bxd6 Qxd6 20. f4 Rfe8 21. fxg5 hxg5 22. Qf3 Qe7 23. Rf2 Ne4 24. Ndxe4 dxe4 25. Qxe4 Bc4 26. Qxe7 Rxe7 27. Rf3 Rce8 28. Kf2 Rd8 29. Rf5 f6 30. Rd1 Be6 31. Rf3 Bd5 32. Rf5 Be4 33. Nxe4 Rxe4 34. Rf1 Rd6 35. Rf3 Ne7 36. Rd1 Nd5 37. g3 Kg6 38. g4 Rde6 39. Rd3 Rc6 40. Rd2 Rc1 41. Re2 Kf7 42. Rf5 Ke6 43. Rf3 Rh1 44. Kg2 Rd1 45. Kf2 Rd3 46. Rg3 Kf7 47. Rf3 Re7 48. Rg3 Rc7 49. Kf3 Rc1 50. Ke4 Nf4 51. Rf2 Rcd1 52. Rgf3 Ke6 53. exf4 Rxd4+ 54. Ke3 R1d3+ 55. Ke2 Rxf3 56. Kxf3 Rd3+ 57. Kg2 Rb3 58. Re2+ Kd5 59. fxg5 fxg5 60. h4 gxh4 61. g5 Rg3+ 62. Kh2 Rxg5 63. Kh3 Rh5 64. Kg4 Rh8 65. Kh3 Kc4 66. Re3 b5 67. b3+ Kd5 68. Rc3 Kd4 69. Rf3 Rh6 70. b4 Kd5 71. Kg4 h3 72. Rxh3 Rxh3 73. Kxh3 Kc4 0-1

[Event "4NCL Online Division 5"]
[Site "online"]
[Date "2022.02.08"]
[EventDate "2022.02.08"]
[Round "2.42"]
[White "Padovan, Rodolfo"]
[WhiteElo "1837"]
[WhiteTeam "Beckenham"]
[Black "Holley, Ruby"]
[BlackElo "1271"]
[BlackTeam "Catford Candidates"]
[Result "0-1"]
[PlyCount "68"]

1. e4 c5 2. Nf3 d6 3. d4 cxd4 4. Nxd4 Nf6 5. Nc3 g6 6. Be3 Bg7 7. f3 O-O 8. Qd2 Re8 9. O-O-O a6 10. g4 e6 11. Kb1 d5 12. g5 Nfd7 13. exd5 exd5 14. Nxd5 Ne5 15. Nc3 Nbc6 16. Be2 b5 17. h4 Bb7 18. Ne4 Nxd4 19. Bxd4 Nxf3 20. Bxf3 Bxe4 21. Bxe4 Rxe4 22. Bxg7 Qxd2 23. Rxd2 Kxg7 24. Rd6 h5 25. a3 Kf8 26. Ka2 Ke7 27. Rf6 a5 28. Rhf1 Rf8 29. R1f4 Re2 30. c4 bxc4 31. Rxc4 Rh2 32. Ra6 Rb8 33. Rxa5 Rhxb2+ 34. Ka1 Rb1+ 0-1

[Event "4NCL Online Division 5"]
[Site "online"]
[Date "2022.02.08"]
[EventDate "2022.02.08"]
[Round "2.43"]
[White "Brass, Brian"]
[WhiteElo "1133"]
[WhiteTeam "Catford Candidates"]
[Black "Newman, Martin E"]
[BlackElo "1613"]
[BlackTeam "Beckenham"]
[Result "0-1"]
[PlyCount "72"]

1. d4 Nf6 2. Nf3 e6 3. Nc3 Bb4 4. a3 Bxc3+ 5. bxc3 b6 6. Bg5 h6 7. Bh4 Bb7 8. e3 d6 9. Bb5+ c6 10. Ba4 b5 11. Bb3 Nbd7 12. O-O g5 13. Bg3 Ne4 14. Qd3 Ndf6 15. c4 bxc4 16. Bxc4 d5 17. Bb3 a5 18. c4 Ba6 19. Qc2 Nxg3 20. fxg3 Ne4 21. Rfe1 h5 22. cxd5 cxd5 23. Ba4+ Kf8 24. Ne5 Kg7 25. Rab1 Rc8 26. Qb2 Nc3 27. Nc6 Nxa4 28. Nxd8 Nxb2 29. Rxb2 Rhxd8 30. Rb6 Bc4 31. Rb7 Kg6 32. e4 dxe4 33. Rd1 Bd3 34. Rd2 Rxd4 35. Rf2 Rc1+ 36. Rf1 Rxf1# 0-1

[Event "4NCL Online Division 5"]
[Site "online"]
[Date "2022.02.08"]
[EventDate "2022.02.08"]
[Round "2.44"]
[White "Hayes, Callum"]
[WhiteElo "1600"]
[WhiteTeam "Beckenham"]
[Black "Asthana, Arushi"]
[BlackElo "1136"]
[BlackTeam "Catford Candidates"]
[Result "1-0"]
[PlyCount "59"]

1. e4 e5 2. Nf3 Nc6 3. c3 Nf6 4. d4 exd4 5. e5 Nd5 6. Qb3 Nde7 7. cxd4 d6 8. Bc4 d5 9. Be2 Be6 10. Nc3 Nf5 11. Bb5 Be7 12. g4 Nh4 13. Nxh4 Bxh4 14. h3 O-O 15. Be3 Na5 16. Qc2 c6 17. Bd3 g6 18. Bh6 Re8 19. O-O-O b5 20. f4 Nc4 21. f5 Ne3 22. Bxe3 Bc8 23. Rdf1 c5 24. Bxb5 Bd7 25. Bxd7 Qxd7 26. Qd2 cxd4 27. Bxd4 Qd8 28. f6 a5 29. Qh6 g5 30. Qg7# 1-0

[Event "4NCL Online Division 5"]
[Site "online"]
[Date "2022.02.08"]
[EventDate "2022.02.08"]
[Round "2.51"]
[White "Vijayakumar, Rishi"]
[WhiteElo "1497"]
[WhiteTeam "Dundee City E"]
[Black "Smith, Mark"]
[BlackElo "1876"]
[BlackTeam "Worcester Wolfpack"]
[Result "0-1"]
[PlyCount "110"]

1. d4 e6 2. c4 b6 3. Nf3 Bb7 4. e3 f5 5. Bd3 Nf6 6. Nc3 Be7 7. O-O O-O 8. Nd2 Bb4 9. Ne2 a5 10. Ng3 d6 11. Nf3 Bxf3 12. Qxf3 d5 13. Bc2 Nc6 14. Ba4 Ne7 15. c5 b5 16. Bxb5 a4 17. a3 Qb8 18. Qe2 c6 19. Bd3 Ba5 20. Bc2 Bc7 21. Bd2 Ra7 22. Qd1 Qa8 23. Ne2 Rb8 24. Rb1 Rbb7 25. h3 Ne4 26. Be1 Kh8 27. f3 Nf6 28. Nc3 Qb8 29. Nxa4 g5 30. Bc3 Nh5 31. f4 Ng3 32. Rf3 gxf4 33. exf4 Bxf4 34. Qe1 Ne4 35. Nb6 Ng6 36. Qe2 Nh4 37. Bxe4 dxe4 38. Rff1 Rg7 39. Rf2 e3 40. d5 exf2+ 41. Qxf2 Nxg2 42. Bxg7+ Rxg7 43. Kf1 Ne3+ 44. Ke1 Bg3 45. Ke2 Bxf2 46. Kxf2 Qg3+ 47. Ke2 Nxd5 48. Nxd5 exd5 49. Rf1 Re7+ 50. Kd2 Qe3+ 51. Kc2 Qe2+ 52. Kb3 Qxf1 53. Ka4 Rb7 54. b4 Re7 55. Ka5 Qb5# 0-1

[Event "4NCL Online Division 5"]
[Site "online"]
[Date "2022.02.08"]
[EventDate "2022.02.08"]
[Round "2.52"]
[White "Vernon, Colin G"]
[WhiteElo "1707"]
[WhiteTeam "Worcester Wolfpack"]
[Black "Robertson, John"]
[BlackElo "1562"]
[BlackTeam "Dundee City E"]
[Result "1/2-1/2"]
[PlyCount "69"]

1. e4 e6 2. d4 c5 3. Nf3 cxd4 4. Nxd4 Bc5 5. Nc3 Qb6 6. Na4 Qa5+ 7. c3 Bxd4 8. Qxd4 Nf6 9. Bf4 Nc6 10. Qc4 a6 11. Nc5 b5 12. Qb3 O-O 13. Be2 Qb6 14. Be3 Qb8 15. O-O d5 16. exd5 Nxd5 17. Rad1 Nxe3 18. fxe3 Qe5 19. Qa3 Qxe3+ 20. Rf2 Ra7 21. Rd3 Qg5 22. Rg3 Qe7 23. b4 Ne5 24. Qb2 f5 25. Qb3 f4 26. Rh3 Kh8 27. Qc2 g5 28. Qe4 Qf6 29. Bd3 Nxd3 30. Rxd3 e5 31. Qd5 Bf5 32. Rd1 Re7 33. Ne4 Bxe4 34. Qxe4 Rc8 35. Rfd2 1/2-1/2

[Event "4NCL Online Division 5"]
[Site "online"]
[Date "2022.02.08"]
[EventDate "2022.02.08"]
[Round "2.53"]
[White "Banerjee, Subhayu"]
[WhiteElo "1519"]
[WhiteTeam "Dundee City E"]
[Black "Hayles, Robin"]
[BlackElo "1688"]
[BlackTeam "Worcester Wolfpack"]
[Result "1/2-1/2"]
[PlyCount "139"]

1. e4 c5 2. Nf3 g6 3. d4 cxd4 4. Nxd4 Nc6 5. Nc3 Bg7 6. Be3 Nf6 7. Bc4 O-O 8. Qd2 d6 9. Bh6 Bxh6 10. Qxh6 Nxd4 11. O-O-O Ng4 12. Qf4 Nc6 13. h3 Nge5 14. Bb3 Bd7 15. h4 Na5 16. Bd5 e6 17. Bb3 Nxb3+ 18. cxb3 Rc8 19. Rxd6 Qc7 20. Qxe5 f6 21. Qd4 Bc6 22. Rxe6 Rcd8 23. Qc4 Qf4+ 24. Kb1 Rf7 25. f3 Kg7 26. h5 g5 27. Qc5 Rdd7 28. h6+ Kg6 29. Re8 f5 30. Re6+ Rf6 31. Rxf6+ Kxf6 32. exf5 Qxf5+ 33. Qxf5+ Kxf5 34. b4 a6 35. a4 b5 36. axb5 axb5 37. Rc1 Rd2 38. Na2 Bd5 39. Rc5 Ke6 40. Rxb5 Bxa2+ 41. Kxa2 Rxg2 42. Rb7 Rf2 43. Rxh7 Rxf3 44. Rg7 Kf6 45. Ra7 Kg6 46. h7 Rh3 47. Kb1 g4 48. Kc2 g3 49. Ra1 Rxh7 50. Rg1 Rh3 51. Kd3 g2+ 52. Ke2 Rb3 53. Rxg2+ Kf7 54. Rg4 Rxb2+ 55. Kd3 Ke7 56. Kc3 Rb1 57. Rg2 Kd7 58. Rb2 Rxb2 59. Kxb2 Kc6 60. Kb3 Kb5 61. Kc3 Kb6 62. Kc4 Kc6 63. b5+ Kb6 64. Kb4 Kb7 65. Ka5 Ka7 66. b6+ Kb7 67. Kb5 Kb8 68. Ka6 Ka8 69. b7+ Kb8 70. Kb6 1/2-1/2

[Event "4NCL Online Division 5"]
[Site "online"]
[Date "2022.02.08"]
[EventDate "2022.02.08"]
[Round "2.54"]
[White "Wootton, Stephen G"]
[WhiteElo "1617"]
[WhiteTeam "Worcester Wolfpack"]
[Black "Murray, Euan"]
[BlackElo "1490"]
[BlackTeam "Dundee City E"]
[Result "1/2-1/2"]
[PlyCount "89"]

1. d4 Nf6 2. c4 d5 3. cxd5 Nxd5 4. e4 Nb6 5. Nf3 Bg4 6. Be2 e6 7. Nc3 Be7 8. O-O N8d7 9. a4 a5 10. h3 Bh5 11. Bf4 c6 12. Rc1 O-O 13. Ne5 Bxe2 14. Qxe2 g5 15. Nxd7 Nxd7 16. Be3 h6 17. e5 f5 18. exf6 Rxf6 19. Ne4 Rg6 20. Ng3 Nf6 21. Qd3 Kg7 22. Rfe1 Qd5 23. Qc4 Bb4 24. Qxd5 exd5 25. Nf5+ Kf7 26. Red1 Ne4 27. f3 Nf6 28. Bd2 Bf8 29. Re1 h5 30. g4 hxg4 31. hxg4 Nd7 32. Re2 Nb6 33. b3 Nc8 34. Rce1 b5 35. Re8 bxa4 36. bxa4 Bb4 37. Bxb4 axb4 38. Rd8 Re6 39. Nh6+ Rxh6 40. Ree8 Re6 41. Rf8+ Ke7 42. Rfe8+ Kf7 43. Rf8+ Ke7 44. Rfe8+ Kf7 45. Rf8+ 1/2-1/2

[Event "4NCL Online Division 5"]
[Site "online"]
[Date "2022.02.08"]
[EventDate "2022.02.08"]
[Round "2.62"]
[White "Navle, Yash Kumar"]
[WhiteElo "1224"]
[WhiteTeam "Uxbridge Eagle Fangs"]
[Black "Laza, Andrei"]
[BlackElo "1293"]
[BlackTeam "Harrow Juniors 2"]
[Result "1-0"]
[PlyCount "51"]

1. e4 b6 2. d4 Bb7 3. Nc3 e6 4. Bc4 Bb4 5. Bd2 Bxc3 6. Bxc3 Bxe4 7. Qg4 Bg6 8. Bb3 Nf6 9. Qf3 d5 10. Ne2 Nbd7 11. O-O O-O 12. Nf4 Ne4 13. Nxg6 fxg6 14. Qh3 Ng5 15. Qg4 Qe7 16. Rfe1 Ne4 17. Rxe4 dxe4 18. Qxe6+ Rf7 19. Qxe7 Rf8 20. Qxd7 c5 21. dxc5 bxc5 22. Re1 c4 23. Bxc4 h6 24. Bb4 Kh8 25. Bxf7 Rxf7 26. Qxf7 1-0

[Event "4NCL Online Division 5"]
[Site "online"]
[Date "2022.02.08"]
[EventDate "2022.02.08"]
[Round "2.63"]
[White "Sivanandan, Bodhana"]
[WhiteElo "1335"]
[WhiteTeam "Harrow Juniors 2"]
[Black "Navle, Aditi"]
[BlackElo "988"]
[BlackTeam "Uxbridge Eagle Fangs"]
[Result "1-0"]
[PlyCount "51"]

1. e4 e5 2. Nf3 Nc6 3. Nc3 Nf6 4. d4 exd4 5. Nxd4 Bc5 6. Be3 O-O 7. Nxc6 dxc6 8. Qxd8 Rxd8 9. Bxc5 Re8 10. Bd3 Be6 11. O-O Rad8 12. Rfe1 b5 13. a3 a5 14. b4 axb4 15. axb4 Nd7 16. Be3 Nb6 17. Bxb6 cxb6 18. Ra6 Bc4 19. Bxc4 bxc4 20. Rxb6 Rc8 21. h3 Red8 22. Rd1 Rxd1+ 23. Nxd1 c5 24. bxc5 Rxc5 25. Rb8+ Rc8 26. Rxc8# 1-0